| 000 | 00633nam a2200217Ia 4500 | ||
|---|---|---|---|
| 999 |
_c41248 _d41248 |
||
| 001 | 7900 | ||
| 003 | GE_BSU | ||
| 005 | 20220930101727.0 | ||
| 008 | 181216s2012en xx |||||||||||||| ||eng|| | ||
| 020 | _a9780199600571 | ||
| 040 | _cGE_BSU | ||
| 041 | _aeng | ||
| 080 | _a57(038)+81'374.81 A-38 | ||
| 100 |
_aAllaby,Michael _914906 |
||
| 245 | 2 |
_aA dictionary of Plant Sciences / _cMichael Allaby |
|
| 264 |
_aOxford : _bUniversity press, _c2012. |
||
| 300 |
_a656 p. : _bIll; _c19 cm. |
||
| 653 | _aA dictionary of Plant Sciences | ||
| 653 | _aმეცნიერებათა ლექსიკონი | ||
| 942 |
_cBK _2udc |
||